| 000 | 00567nam a22001937a 4500 | ||
|---|---|---|---|
| 003 | CEME | ||
| 005 | 20210628203227.0 | ||
| 008 | 210203b xxu||||| |||| 00| 0 eng d | ||
| 020 | _a9780070620117 | ||
| 040 | _c. | ||
| 082 | _a658.1 IVA | ||
| 100 |
_aIvancevich, John M , Konopaske, Robert , Matteson, Michael.T _964115 |
||
| 245 | _aOrganizational behavior and management | ||
| 250 | _a7TH | ||
| 260 |
_aNEW YORK _bTATA MCGRAW HILL _c2008 |
||
| 300 | _aXVIII, 718P | ||
| 650 |
_aORGANIZATIONAL BEHAVIOR. , ORGANIZATIONAL MANAGEMENT _964116 |
||
| 942 |
_cBK _2ddc |
||
| 999 |
_c572730 _d572730 |
||